La biblia de Windows 2000 profesional / (Record no. 87167)

MARC details
000 -CABECERA
campo de control de longitud fija 00692nam a2200229 a 4500
005 - FECHA Y HORA DE LA ÚLTIMA TRANSACCIÓN
campo de control 20210223124458.0
008 - ELEMENTOS DE LONGITUD FIJA--INFORMACIÓN GENERAL
campo de control de longitud fija 011018s2000 r 000 0 eng d
020 ## - NÚMERO INTERNACIONAL NORMALIZADO PARA LIBROS
Número Internacional Estándar del Libro 8441510180
035 ## - NÚMERO DE CONTROL DEL SISTEMA
Número de control de sistema UPN01000113259
049 ## - COLECCIÓN
Colección CG
050 #4 - SIGNATURA TOPOGRÁFICA DE LA BIBLIOTECA DEL CONGRESO
Número de clasificación QA76.76 O6.3
Número de documento/Ítem M5.2
100 1# - ASIENTO PRINCIPAL--NOMBRE PERSONAL
Nombre de persona Minasi, Mark
245 13 - MENCIÓN DE TÍTULO
Título La biblia de Windows 2000 profesional /
Mención de responsabilidad, etc. Mark Minasi, Todd Phillips.
260 ## - PUBLICACIÓN, DISTRIBUCIÓN, ETC.
Lugar de publicación, distribución, etc. Madrid :
Nombre del editor, distribuidor, etc. Anaya Multimedia,
Fecha de publicación, distribución, etc. c2000
300 ## - DESCRIPCIÓN FÍSICA
Extensión 992 p. :
Otras características físicas il. +
Material acompañante/anejo 1 CD-ROM : son., col.; 4 3/4 plg.
440 #3 - MENCIÓN DE SERIE/ASIENTO SECUNDARIO--TÍTULO
Título La biblia
650 #4 - ASIENTO SECUNDARIO DE MATERIA - TERMINO TEMATICO
Término de materia o nombre geográfico como elemento de entrada SISTEMAS OPERATIVOS (COMPUTADORAS)
9 (RLIN) 5927
650 #4 - ASIENTO SECUNDARIO DE MATERIA - TERMINO TEMATICO
Término de materia o nombre geográfico como elemento de entrada MICROSOFT WINDOWS(ARCHIVO DE COMPUTADORA)
901 ## - ELEMENTOS DE DATOS A LOCAL LDA (RLIN)
a 186926
902 ## - ELEMENTOS DE DATOS B LOCAL, LDB (RLIN)
Creó BDV/tgg.
905 ## - TIPO DE MATERIAL
Tipo de material Libro
Holdings
Estado de retiro Estado de pérdida Fuente del sistema de clasificación o colocación Estado dañado No para préstamo Código de colección Localización permanente Ubicación/localización actual Ubicación en estantería Total de préstamos Clasificación Código de barras Fecha visto por última vez Número de copia Tipo de ítem Koha Fecha de adquisición Precio válido a partir de Nota pública
    Library of Congress Classification     Colección General Bib. Gregorio Torres Quintero Bib. Gregorio Torres Quintero Planta baja 3 QA76.76 O6.3 M5.2 186926 31/12/2020 1 Libro      
    Library of Congress Classification     Materiales complementarios y otros recursos electrónicos  Bib. Gregorio Torres Quintero Bib. Gregorio Torres Quintero Mostrador de préstamo Planta baja   QA76.76 O6.3 M5.2 337216 23/02/2024   Disco Compacto 23/02/2024 23/02/2024 Solicítalo en el mostrador de préstamo